Statistics for NBA Players from Cincinnati

Click here to take the quiz!

General Stats

  • This quiz has been taken 12 times
    (4 since last reset)
  • The average score is 11 of 39

Answer Stats

PositionPlayerDraft Year% Correct
FKenyon Martin2000
100%
GOscar Robertson1960
100%
FDanny Fortson1997
67%
SGJacob Evans III2018
67%
SGSean Kilpatrick2014
67%
PFArt Long1996
33%
CConnie Dierking1958
33%
PFCorie Blount1993
33%
GFDeMarr Johnson2000
33%
SFGary Clark2018
33%
FJack Twyman1955
33%
PFJason Maxiell2005
33%
FCJiff Wilson1964
33%
PFJim Ard1970
33%
SFJim Holstein1952
33%
PGKenny Satterfield2001
33%
SGLance Stephenson2010
33%
FMike Williams1986
33%
PGNick Van Exel1993
33%
FCPat Cummings1978
33%
GFRuben Patterson1998
33%
PFTari Eason2022
33%
GTony Bobbitt2004
33%
GTroy Caupain2017
33%
SFWayne Stevens1958
33%
PFBob Miller1978
0%
FBob Wiesenhahn1961
0%
FDerrek Dickey1973
0%
FDontonio Wingfield1994
0%
SFJames White2006
0%
SGJarron Cumberland2020
0%
CPaul Hogue1962
0%
SGRalph Davis1960
0%
FCRick Roberson1969
0%
CRobert Whaley2005
0%
GFRoland West1966
0%
FRon Bonham1964
0%
GTom Thacker1963
0%
SFTrevon Scott2020
0%

Score Distribution

Percentile by Number Answered

Percent of People with Each Score

Your Score History

You have not taken this quiz since the last reset